Space Terminology - Statistics

General Stats
  • This quiz has been taken 22 times
  • The average score is 13 of 27
Answer Stats
Hint Answer % Correct
An invisible region of spacetime with immense gravity Black Hole
95%
A spheroid object orbiting a star Planet
95%
A violent explosion occurring after a star dies Supernova
95%
A small rock orbiting the sun, with intense ranges in size Asteroid
84%
A group of stars that appear to make a pattern from Earth Constellation
84%
A collection of stars, planets, black holes, and other objects Galaxy
84%
The name of our galaxy Milky Way
74%
A large ball of plasma Star
74%
A planet orbiting another star Exoplanet
63%
An ultra dense core of a dead star Neutron Star
63%
The name of the nearest galaxy to us Andromeda
58%
A type of galaxy that rotates around a center point Spiral
53%
A rapidly spinning neutron star emitting immense radiation from the poles Millisecond Pulsar
47%
Clouds of dust that form stars Nebula
47%
A super-heated galactic core powered by a black hole that can outshine entire galaxies Quasar
42%
A type of galaxy that often takes on an ovaloid shape Elliptical
37%
A type of neutron star with an incredibly powerful magnetic field Magnetar
37%
An extension of the disk of a galaxy, which is home to millions of stars at a time Arm
32%
The act of pulling matter onto a massive object heating it up in the process Accretion
26%
A rare optical illusion where the tail of a comet seems to point towards the sun instead of away Anti Tail
21%
A type of galaxy lacking a proper shape Irregular
21%
A strong signal discovered in 1977 that was never found again Wow!
21%
The French astronomer who discovered over 100 objects single handedly Charles Messier
16%
A cloud of gas and dust around a comet, also known as the tail Coma
16%
A violent explosion occurring after two extremely dense objects collide Kilonova/Macronova
16%
The main icy body of a comet Nucleus
16%
A type of galaxy with a rotating disk but lacking arms Lenticular
5%
No matching quizzes found
Score Distribution
Percent of People with Each Score
Percentile by Number Answered
Your Score History
You have not taken this quiz